| 000 | 00403 a2200145 4500 | ||
|---|---|---|---|
| 001 | 88253 | ||
| 082 | _a629.133 DRE | ||
| 090 |
_c41667 _d41667 |
||
| 100 | _aMark E Dreier | ||
| 245 | _aIntroduction to helicopter and tiltrotor flight simulation | ||
| 260 |
_aVA _bAIAA; First Edition edition _c(15 Mar 2007) |
||
| 300 |
_a460 pages _bHb |
||
| 500 | _aavionics | ||
| 740 | _ahelicopter- aerodynamics | ||
| 942 |
_aCAE NUST _k629.133 DRE |
||
| 999 |
_c323326 _d323326 |
||